[Event "Catalunya-chT Gp2 Final"]
[Site "Barcelona"]
[Date "2023.03.18"]
[Round "2.8"]
[White "Saumoy Poch, Salvador"]
[Black "Terry Cuellar, Luis Antonio"]
[Result "0-1"]
[WhiteElo "1959"]
[BlackElo "2123"]
[PlyCount "86"]
[EventDate "2023.03.11"]
[EventType "team-k.o."]
[EventRounds "4"]
[EventCountry "ESP"]
[SourceTitle "EXT 2024"]
[Source "ChessBase"]
[SourceDate "2023.10.10"]
[SourceVersion "1"]
[SourceVersionDate "2023.10.10"]
[SourceQuality "1"]
[WhiteTeam "Lira Vendrellenca"]
[BlackTeam "Olot"]
[WhiteTeamCountry "ESP"]
[BlackTeamCountry "ESP"]

1. d4 Nf6 2. c4 e6 3. Nc3 b6 4. Bg5 Bb7 5. e4 h6 6. Bxf6 Qxf6 7. Nf3 Bb4 8. Bd3 Bxc3+ 9. bxc3 d6 10. 0-0 e5 11. c5 0-0 12. cxd6 cxd6 13. Re1 Rc8 14. Rc1 Nc6 15. Bb5 Na5 16. Qd3 Rc7 17. Ba6 Bxa6 18. Qxa6 Rac8 19. Qd3 Nc4 20. h3 Qf4 21. Qe2 g6 22. g3 Qf6 23. Kg2 Kg7 24. Red1 Qe6 25. d5 Qe8 26. Ne1 Qa4 27. Nd3 Na5 28. f4 Rxc3 29. fxe5 Rc2 30. Rxc2 Rxc2 31. Rd2 Rxd2 32. Qxd2 Qxe4+ 33. Kh2 Nc4 34. Qd1 Qxd5 35. exd6 Qxd6 36. Qe2 Qd4 37. Qc2 b5 38. h4 h5 39. Kh3 Kh7 40. Nf4 Qd7+ 41. Kh2 Ne3 42. Qb3 Ng4+ 43. Kg1 Qd4+ 0-1

[Event "Catalunya-chT Gp2 Final"]
[Site "Barcelona"]
[Date "2023.03.11"]
[Round "1.8"]
[White "Lambert Pont, Michael"]
[Black "Saumoy Poch, Salvador"]
[Result "1-0"]
[WhiteElo "2058"]
[BlackElo "1959"]
[PlyCount "95"]
[EventDate "2023.03.11"]
[EventType "team-k.o."]
[EventRounds "4"]
[EventCountry "ESP"]
[SourceTitle "EXT 2024"]
[Source "ChessBase"]
[SourceDate "2023.10.10"]
[SourceVersion "1"]
[SourceVersionDate "2023.10.10"]
[SourceQuality "1"]
[WhiteTeam "Mollet"]
[BlackTeam "Lira Vendrellenca"]
[WhiteTeamCountry "ESP"]
[BlackTeamCountry "ESP"]

1. d4 Nf6 2. Bf4 e6 3. e3 d5 4. Nf3 Bd6 5. Bg3 Qe7 6. Nbd2 Nbd7 7. Ne5 0-0 8. Bd3 Re8 9. f4 Nf8 10. Bh4 Ng6 11. Nxg6 hxg6 12. Bg5 Qd7 13. h4 c5 14. c3 c4 15. Bc2 b5 16. h5 Nxh5 17. Qf3 f5 18. Qh3 Rf8 19. Nf3 Kf7 20. Ne5+ Bxe5 21. fxe5 Kg8 22. g4 fxg4 23. Qxg4 Qf7 24. 0-0-0 Qf3 25. Qh3 Qg3 26. Rdg1 Qxh3 27. Rxh3 Rf5 28. Bxf5 exf5 29. Rxh5 gxh5 30. Bf6 Kh7 31. Rxg7+ Kh6 32. Re7 Kg6 33. Kd2 a5 34. Ke2 b4 35. Kf3 bxc3 36. bxc3 Ra6 37. Kf4 Be6 38. Rg7+ Kh6 39. Rb7 a4 40. Rb8 Kg6 41. Bg5 Kg7 42. Kg3 Bf7 43. Kh4 Bg6 44. Rb7+ Bf7 45. Bf6+ Kg6 46. Rb1 Ra7 47. Rb6 Kh7 48. Kg5 1-0

[Event "Catalunya-chT Gp1"]
[Site "Barcelona"]
[Date "2023.03.04"]
[Round "7.7"]
[White "Saumoy Poch, Salvador"]
[Black "Obon Temprano, Sergi"]
[Result "0-1"]
[WhiteElo "2008"]
[BlackElo "2193"]
[PlyCount "56"]
[EventDate "2023.01.21"]
[EventType "team-tourn"]
[EventRounds "7"]
[EventCountry "ESP"]
[SourceTitle "CBM 213 Extra"]
[Source "ChessBase"]
[SourceDate "2023.05.31"]
[SourceVersion "1"]
[SourceVersionDate "2023.05.31"]
[SourceQuality "1"]
[WhiteTeam "Lira Vendrellenca"]
[BlackTeam "Barbera"]
[WhiteTeamCountry "ESP"]
[BlackTeamCountry "ESP"]

1. d4 d5 2. c4 c6 3. e3 Nf6 4. Nc3 e6 5. Nf3 Nbd7 6. cxd5 exd5 7. Bd3 Bd6 8. 0-0 0-0 9. Qc2 Re8 10. Re1 h6 11. Rb1 a5 12. a3 Qe7 13. e4 dxe4 14. Nxe4 Nxe4 15. Rxe4 Qd8 16. Rxe8+ Qxe8 17. Bd2 Nf6 18. Re1 Qd8 19. Ne5 Be6 20. b4 axb4 21. axb4 Ra2 22. Qc1 Bxe5 23. Rxe5 Qxd4 24. Re3 Nd5 25. Rg3 Ra1 26. Bb1 Bf5 27. Rb3 Rxb1 28. Rxb1 Bxb1 0-1

[Event "El Vendrell Mestre"]
[Site "El Vendrell"]
[Date "2020.11.07"]
[Round "6"]
[White "Saumoy Poch, Salvador"]
[Black "Vila Cairo, Gerard"]
[Result "1-0"]
[WhiteElo "2063"]
[BlackElo "2050"]
[PlyCount "69"]
[EventDate "2020.09.26"]
[EventType "tourn"]
[EventRounds "9"]
[EventCountry "ESP"]
[SourceTitle "EXT 2023"]
[Source "ChessBase"]
[SourceDate "2022.10.05"]
[SourceVersion "1"]
[SourceVersionDate "2022.10.05"]
[SourceQuality "1"]

1. d4 Nf6 2. c4 c5 3. Nf3 g6 4. Nc3 Bg7 5. e4 cxd4 6. Nxd4 d6 7. Be2 0-0 8. 0-0 Nbd7 9. Be3 Ne5 10. f3 h5 11. Qd2 Kh7 12. Rac1 Bd7 13. b3 h4 14. Qe1 Rh8 15. Qxh4+ Kg8 16. Qf2 Rc8 17. Nd5 Qf8 18. Bg5 Rh5 19. Nxf6+ Bxf6 20. Bxf6 exf6 21. f4 Ng4 22. Qg3 f5 23. exf5 Qg7 24. Rcd1 gxf5 25. h3 Re8 26. hxg4 fxg4 27. f5 Re4 28. Rf4 Rxf4 29. Qxf4 Rg5 30. f6 Qh6 31. Rd3 Qh4 32. Nf3 gxf3 33. Qxh4 Rxg2+ 34. Kf1 fxe2+ 35. Kxg2 1-0